[Event "Brena Baja Magica"]
[Site "Brena Baja ESP"]
[Date "2025.01.12"]
[Round "8"]
[White "Golubka, Petro"]
[Black "Fiorito, Joaquin"]
[Result "1/2-1/2"]
[WhiteElo "2353"]
[BlackElo "2411"]
[WhiteFideId "-1"]
[BlackFideId "-1"]
[PlyCount "48"]
[GameId "2133754865296228"]
[EventDate "2025.01.07"]
[EventType "tourn"]
[EventRounds "9"]
[EventCountry "ESP"]
[EventCategory "6"]
[SourceTitle "Mega2025 Update 11"]
[Source "Chessbase"]
[SourceDate "2025.01.17"]
[SourceVersion "1"]
[SourceVersionDate "2025.01.17"]
[SourceQuality "1"]

1. c4 e6 2. Nf3 Nf6 3. g3 d5 4. Bg2 d4 5. O-O Nc6 6. e3 e5 7. exd4 e4 8. d5 exf3 9. Qxf3 Ne5 10. Re1 Qe7 11. Qd1 Bg4 12. f3 Bxf3 13. Qa4+ Kd8 14. d4 Bxg2 15. Rxe5 Qd7 16. Qxd7+ Nxd7 17. Kxg2 Nxe5 18. dxe5 c6 19. Nc3 cxd5 20. cxd5 Rc8 21. Bf4 Rc4 22. Kf3 Rc8 23. Bc1 Rc4 24. e6 Ke8 1/2-1/2

[Event "North American op"]
[Site "Las Vegas USA"]
[Date "2024.12.26"]
[Round "2"]
[White "Burke, John M"]
[Black "Golubka, Petro"]
[Result "1/2-1/2"]
[WhiteElo "2573"]
[BlackElo "2341"]
[WhiteFideId "-1"]
[BlackFideId "-1"]
[PlyCount "120"]
[GameId "2128670426866467"]
[EventDate "2024.12.26"]
[EventType "swiss"]
[EventRounds "9"]
[EventCountry "USA"]
[SourceTitle "Mega2025 Update 10"]
[Source "Chessbase"]
[SourceDate "2025.01.09"]
[SourceVersion "1"]
[SourceVersionDate "2025.01.09"]
[SourceQuality "1"]

1. e4 e6 2. d4 d5 3. e5 c5 4. c3 Bd7 5. Nf3 Nc6 6. Be2 Rc8 7. O-O h6 8. a3 cxd4 9. cxd4 Nge7 10. Nc3 Nf5 11. Kh1 a6 12. g4 Nfe7 13. Bd3 h5 14. Rg1 hxg4 15. Rxg4 Ng8 16. Qg1 Nge7 17. Qg3 g6 18. Bg5 Qb6 19. Na4 Qc7 20. Rc1 Nf5 21. Bxf5 exf5 22. Rh4 Rxh4 23. Qxh4 Be6 24. Bd2 Kd7 25. Ng5 Qd8 26. Qf4 b6 27. Qe3 Na7 28. Rg1 Nb5 29. Nc3 Nxc3 30. Bxc3 Be7 31. Nh3 Qh8 32. Nf4 g5 33. Nxe6 fxe6 34. Bb4 Bd8 35. f4 Rc2 36. Rg2 Rxg2 37. Kxg2 Qh4 38. Qg3 Qxf4 39. Qxf4 gxf4 40. Kf3 Bh4 41. Bd2 Ke8 42. Bxf4 Kf7 43. Bg3 Bg5 44. a4 Bc1 45. b3 Kg6 46. Bf2 Kh5 47. h3 Kg5 48. Kg3 Bd2 49. Kf3 f4 50. Ke2 Bc1 51. Kf3 Kf5 52. Bg1 Bb2 53. Bf2 Bc3 54. Bg1 b5 55. axb5 axb5 56. Bf2 Kg5 57. Kg2 Bd2 58. Kf3 Kf5 59. Bg1 Kg5 60. Bf2 Kf5 1/2-1/2

[Event "North American op"]
[Site "Las Vegas USA"]
[Date "2024.12.28"]
[Round "6"]
[White "Golubka, Petro"]
[Black "Zhou, Jianchao"]
[Result "0-1"]
[WhiteElo "2341"]
[BlackElo "2572"]
[WhiteFideId "-1"]
[BlackFideId "-1"]
[PlyCount "54"]
[GameId "2131192870969802"]
[EventDate "2024.12.26"]
[EventType "swiss"]
[EventRounds "9"]
[EventCountry "USA"]
[SourceTitle "Mega2025 Update 10"]
[Source "Chessbase"]
[SourceDate "2025.01.09"]
[SourceVersion "1"]
[SourceVersionDate "2025.01.09"]
[SourceQuality "1"]

1. Nf3 Nf6 2. g3 c5 3. Bg2 Nc6 4. O-O e5 5. d3 d5 6. Bg5 Be7 7. Bxf6 Bxf6 8. e4 d4 9. a4 h5 10. Na3 h4 11. Nc4 g5 12. Nfd2 Be6 13. Nb3 Be7 14. c3 hxg3 15. hxg3 Qd7 16. cxd4 cxd4 17. Qe2 O-O-O 18. Rfc1 Kb8 19. a5 Rh6 20. a6 b6 21. Qc2 Rc8 22. Qd2 f6 23. f4 gxf4 24. gxf4 Bb4 25. Qf2 Bh3 26. Rc2 Rg8 27. Qf3 Rhg6 0-1

[Event "North American op"]
[Site "Las Vegas USA"]
[Date "2024.12.29"]
[Round "7"]
[White "Tang, Zoey"]
[Black "Golubka, Petro"]
[Result "1/2-1/2"]
[WhiteElo "2306"]
[BlackElo "2341"]
[WhiteFideId "-1"]
[BlackFideId "-1"]
[PlyCount "92"]
[GameId "2131192870973918"]
[EventDate "2024.12.26"]
[EventType "swiss"]
[EventRounds "9"]
[EventCountry "USA"]
[SourceTitle "Mega2025 Update 10"]
[Source "Chessbase"]
[SourceDate "2025.01.09"]
[SourceVersion "1"]
[SourceVersionDate "2025.01.09"]
[SourceQuality "1"]

1. d4 d5 2. c4 e6 3. Nc3 Nf6 4. cxd5 exd5 5. Bg5 Bb4 6. e3 h6 7. Bh4 g5 8. Bg3 h5 9. Bd3 h4 10. Be5 Nc6 11. Qb3 Rh6 12. h3 Ne4 13. Bh2 Bf5 14. Qc2 Qd7 15. Nf3 Ba5 16. a3 Nxc3 17. bxc3 Bxd3 18. Qxd3 g4 19. hxg4 Qxg4 20. Bf4 Rh5 21. O-O-O h3 22. Nh2 Qe6 23. g4 Rh8 24. Rdg1 O-O-O 25. Nf3 Rdg8 26. g5 Ne7 27. Qb5 Bb6 28. Qd3 Ng6 29. Rg3 c6 30. Ne5 Rh4 31. Nxg6 fxg6 32. Qf1 Rgh8 33. Be5 R8h7 34. f4 Qf5 35. Kb2 Bc7 36. Bxc7 Kxc7 37. Qb1 Qe6 38. Qc2 h2 39. Rg2 Qe4 40. Qf2 Kb6 41. Rhxh2 Rxh2 42. Rxh2 Rxh2 43. Qxh2 Qxe3 44. a4 Ka5 45. Qh7 Qd2+ 46. Kb3 Qd1+ 1/2-1/2

[Event "North American op"]
[Site "Las Vegas USA"]
[Date "2024.12.29"]
[Round "8"]
[White "Golubka, Petro"]
[Black "McConnell, Sullivan"]
[Result "1-0"]
[WhiteElo "2341"]
[BlackElo "2240"]
[WhiteFideId "-1"]
[BlackFideId "-1"]
[PlyCount "109"]
[GameId "2131192870982124"]
[EventDate "2024.12.26"]
[EventType "swiss"]
[EventRounds "9"]
[EventCountry "USA"]
[SourceTitle "Mega2025 Update 10"]
[Source "Chessbase"]
[SourceDate "2025.01.09"]
[SourceVersion "1"]
[SourceVersionDate "2025.01.09"]
[SourceQuality "1"]

1. Nf3 d5 2. e3 Nd7 3. c4 c6 4. Nc3 Ngf6 5. d4 e6 6. Qc2 Bd6 7. g4 h6 8. Rg1 Qe7 9. h4 dxc4 10. Bxc4 b5 11. Bd3 Bb7 12. g5 hxg5 13. hxg5 Nd5 14. Nxd5 exd5 15. Bd2 a6 16. O-O-O c5 17. g6 f6 18. dxc5 Nxc5 19. Rh1 Nxd3+ 20. Qxd3 Rc8+ 21. Kb1 Rxh1 22. Rxh1 d4 23. Rh8+ Kd7 24. Qf5+ Qe6 25. Qxe6+ Kxe6 26. Nxd4+ Kd7 27. Rh4 Re8 28. Kc1 Be4 29. f3 Bxg6 30. Rg4 Rc8+ 31. Kd1 Bf7 32. Rxg7 Ke8 33. a3 Be5 34. Bc3 Kf8 35. Rh7 Rc5 36. Bb4 Bxd4 37. exd4 Bb3+ 38. Kd2 Kg8 39. Rd7 Rc2+ 40. Kd3 Rxb2 41. d5 Bc4+ 42. Ke4 Re2+ 43. Kf4 Ra2 44. d6 a5 45. Bc5 b4 46. Rc7 Be6 47. axb4 axb4 48. d7 Ra8 49. Be7 Bxd7 50. Rxd7 b3 51. Bxf6 Rf8 52. Rg7+ Kh8 53. Rf7+ Kg8 54. Rxf8+ Kxf8 55. Bb2 1-0

[Event "North American op"]
[Site "Las Vegas USA"]
[Date "2024.12.30"]
[Round "9"]
[White "Rostomyan, Mikayel"]
[Black "Golubka, Petro"]
[Result "1/2-1/2"]
[WhiteElo "2277"]
[BlackElo "2341"]
[WhiteFideId "-1"]
[BlackFideId "-1"]
[PlyCount "50"]
[GameId "2131192870986232"]
[EventDate "2024.12.26"]
[EventType "swiss"]
[EventRounds "9"]
[EventCountry "USA"]
[SourceTitle "Mega2025 Update 10"]
[Source "Chessbase"]
[SourceDate "2025.01.09"]
[SourceVersion "1"]
[SourceVersionDate "2025.01.09"]
[SourceQuality "1"]

1. d4 e6 2. c4 b6 3. Nc3 Bb7 4. a3 f5 5. Nf3 Nf6 6. g3 g6 7. Bg2 Bg7 8. O-O O-O 9. Re1 Ne4 10. Qc2 Nxc3 11. Qxc3 Be4 12. Be3 a5 13. b4 axb4 14. axb4 Nc6 15. b5 Rxa1 16. Rxa1 Na5 17. c5 Qa8 18. cxb6 cxb6 19. Qc7 Qd5 20. Qxb6 Nc4 21. Qc7 Nxe3 22. fxe3 Qxb5 23. Kf2 g5 24. Qa5 Qxa5 25. Rxa5 Bxf3 1/2-1/2

[Event "Heusenstamm Schloss op"]
[Site "Heusenstamm GER"]
[Date "2024.11.21"]
[Round "1.14"]
[White "Rutsatz, Mario"]
[Black "Golubka, Petro"]
[Result "0-1"]
[WhiteElo "1932"]
[BlackElo "2365"]
[WhiteFideId "-1"]
[BlackFideId "-1"]
[PlyCount "64"]
[GameId "2129405227848634"]
[EventDate "2024.11.21"]
[EventType "swiss"]
[EventRounds "7"]
[EventCountry "GER"]
[SourceTitle "10Days CBH #1-#780"]
[Source "ChessMix "]
[SourceDate "2024.12.20"]
[SourceVersion "1"]
[SourceVersionDate "2024.12.20"]
[SourceQuality "1"]

1. Nf3 e6 2. c4 g5 3. Nc3 g4 4. Nd4 d5 5. cxd5 exd5 6. e3 Nf6 7. b4 Nbd7 8. Rb1 Ne5 9. d3 c6 10. Be2 h5 11. Bd2 h4 12. f4 gxf3 13. Nxf3 Bd6 14. Nxe5 Bxe5 15. O-O Qd6 16. Kh1 h3 17. g3 d4 18. exd4 Qxd4 19. Ne4 Nxe4 20. dxe4 Be6 21. Qc2 O-O-O 22. Be1 Kb8 23. b5 c5 24. b6 a6 25. Rf3 c4 26. Bc3 Qc5 27. Bxe5+ Qxe5 28. Rc3 Rd2 29. Qxd2 Qxe4+ 30. Bf3 Qxb1+ 31. Rc1 Qxb6 32. Qf4+ Qc7 0-1

[Event "Heusenstamm Schloss op"]
[Site "Heusenstamm GER"]
[Date "2024.11.23"]
[Round "5.6"]
[White "Eilers, Stefan"]
[Black "Golubka, Petro"]
[Result "1/2-1/2"]
[WhiteElo "2275"]
[BlackElo "2365"]
[WhiteFideId "-1"]
[BlackFideId "-1"]
[PlyCount "36"]
[GameId "2129405227848690"]
[EventDate "2024.11.21"]
[EventType "swiss"]
[EventRounds "7"]
[EventCountry "GER"]
[SourceTitle "10Days CBH #1-#780"]
[Source "ChessMix "]
[SourceDate "2024.12.20"]
[SourceVersion "1"]
[SourceVersionDate "2024.12.20"]
[SourceQuality "1"]

1. d4 Nf6 2. Nf3 d5 3. c3 Bf5 4. Qb3 Qc8 5. c4 dxc4 6. Qxc4 c6 7. Nc3 b5 8. Qb3 a5 9. a3 a4 10. Qd1 e6 11. Nh4 Nbd7 12. Nxf5 exf5 13. g3 Nb6 14. Bg2 Qe6 15. O-O Be7 16. Re1 O-O 17. e4 fxe4 18. Nxe4 Nfd5 1/2-1/2

[Event "Heusenstamm Schloss op"]
[Site "Heusenstamm GER"]
[Date "2024.11.24"]
[Round "6.11"]
[White "Golubka, Petro"]
[Black "Ohler, Julius"]
[Result "1/2-1/2"]
[WhiteElo "2365"]
[BlackElo "2231"]
[WhiteFideId "-1"]
[BlackFideId "-1"]
[PlyCount "73"]
[GameId "2129405227856903"]
[EventDate "2024.11.21"]
[EventType "swiss"]
[EventRounds "7"]
[EventCountry "GER"]
[SourceTitle "10Days CBH #1-#780"]
[Source "ChessMix "]
[SourceDate "2024.12.20"]
[SourceVersion "1"]
[SourceVersionDate "2024.12.20"]
[SourceQuality "1"]

1. d4 Nf6 2. c4 e6 3. Nc3 Bb4 4. e3 b6 5. Nge2 Ba6 6. a3 Bxc3+ 7. Nxc3 d5 8. b3 Nc6 9. Na2 dxc4 10. Nb4 Bb7 11. Nxc6 Bxc6 12. bxc4 Ne4 13. Qc2 Qg5 14. h4 Qa5+ 15. Bd2 Nxd2 16. Qxd2 Qxd2+ 17. Kxd2 Ke7 18. Rc1 Rhd8 19. Bd3 h6 20. f3 Be8 21. c5 b5 22. Rb1 Rab8 23. Kc3 a5 24. Rb2 c6 25. f4 Rb7 26. g4 f6 27. Be4 Kf8 28. Rg1 Kg8 29. g5 hxg5 30. hxg5 f5 31. Bf3 Rc7 32. Rh2 Bg6 33. Rgh1 Kf7 34. Rh8 Rdc8 35. Rxc8 Rxc8 36. Rb1 Ke7 37. Bxc6 1/2-1/2

[Event "Heusenstamm Schloss op"]
[Site "Heusenstamm GER"]
[Date "2024.11.24"]
[Round "7.9"]
[White "Lesny, Florian"]
[Black "Golubka, Petro"]
[Result "1/2-1/2"]
[WhiteElo "2222"]
[BlackElo "2365"]
[WhiteFideId "-1"]
[BlackFideId "-1"]
[PlyCount "42"]
[GameId "2129405227856916"]
[EventDate "2024.11.21"]
[EventType "swiss"]
[EventRounds "7"]
[EventCountry "GER"]
[SourceTitle "10Days CBH #1-#780"]
[Source "ChessMix "]
[SourceDate "2024.12.20"]
[SourceVersion "1"]
[SourceVersionDate "2024.12.20"]
[SourceQuality "1"]

1. e4 e5 2. Nf3 Nc6 3. Bc4 Nf6 4. d3 Be7 5. O-O d6 6. c3 O-O 7. a4 Na5 8. Ba2 c5 9. Nbd2 Nc6 10. Re1 a6 11. Nf1 Be6 12. Ne3 Qd7 13. Nd5 Bd8 14. Bg5 Ne8 15. h3 f6 16. Bh4 Kh8 17. Qd2 Rc8 18. Rad1 Ne7 19. Nxe7 Bxe7 20. Bxe6 Qxe6 21. c4 g5 1/2-1/2

[Event "Titled Tuesday 2024.11.12 Late"]
[Site "chess.com INT"]
[Date "2024.11.12"]
[Round "1"]
[White "Golubka, Petro"]
[Black "Marchesich, Giovanni"]
[Result "1-0"]
[WhiteElo "2365"]
[BlackElo "2220"]
[WhiteFideId "-1"]
[BlackFideId "-1"]
[PlyCount "141"]
[GameId "2129405225701958"]
[EventDate "2024.11.12"]
[EventType "swiss (blitz)"]
[EventRounds "11"]
[EventCountry "NET"]
[SourceTitle "The Week in Chess 1567"]
[Source "Mark Crowther"]
[SourceDate "2024.11.18"]
[SourceVersion "1"]
[SourceVersionDate "2024.11.18"]
[SourceQuality "2"]

1. e4 g6 2. d4 Bg7 3. c3 d6 4. Be3 a6 5. f3 b5 6. Qd2 Bb7 7. Bd3 Nd7 8. Ne2 e5 9. O-O Ne7 10. a4 bxa4 11. Rxa4 O-O 12. d5 a5 13. Ra1 f5 14. Na3 f4 15. Bf2 g5 16. c4 h5 17. c5 Nxc5 18. Bxc5 dxc5 19. Rfc1 g4 20. Kh1 Ng6 21. Qc3 Qh4 22. Ng1 Qg5 23. Rc2 Nh4 24. Qxc5 Rf7 25. Bc4 Kh8 26. Qb5 Bc8 27. d6 Rd7 28. Bd5 Ra7 29. Qb8 cxd6 30. Rxc8+ Kh7 31. Bg8+ Kh6 32. Rc2 Rab7 33. Qe8 Re7 34. Qa4 Ng6 35. Nb5 Qf6 36. Nc3 h4 37. fxg4 Qf8 38. Bd5 f3 39. g5+ Kxg5 40. Nxf3+ Kh6 41. Bxb7 Rxb7 42. Qc6 Rf7 43. Rf1 h3 44. Rcf2 hxg2+ 45. Kxg2 Nf4+ 46. Kh1 Nd3 47. Kg2 Nf4+ 48. Kg1 Nh3+ 49. Kh1 Nxf2+ 50. Rxf2 Rxf3 51. Rxf3 Qxf3+ 52. Kg1 Qg4+ 53. Kf2 Qf4+ 54. Ke1 Bf6 55. Qxd6 Kh5 56. Qd1+ Kh6 57. Qe2 Bh4+ 58. Kd1 Bg5 59. Kc2 Qc1+ 60. Kb3 Qf4 61. Ka4 Qf8 62. Nd5 Qc5 63. Qa6+ Kh5 64. Qe2+ Kh6 65. Qd3 Bc1 66. Qh3+ Kg7 67. Qg3+ Kf7 68. Qf3+ Ke8 69. Qh5+ Kd7 70. Qf7+ Kc6 71. Qc7# 1-0

[Event "Titled Tuesday 2024.11.12 Late"]
[Site "chess.com INT"]
[Date "2024.11.12"]
[Round "2"]
[White "Musial, Igor"]
[Black "Golubka, Petro"]
[Result "1-0"]
[WhiteElo "2304"]
[BlackElo "2365"]
[WhiteFideId "-1"]
[BlackFideId "-1"]
[PlyCount "57"]
[GameId "2129405225702006"]
[EventDate "2024.11.12"]
[EventType "swiss (blitz)"]
[EventRounds "11"]
[EventCountry "NET"]
[SourceTitle "The Week in Chess 1567"]
[Source "Mark Crowther"]
[SourceDate "2024.11.18"]
[SourceVersion "1"]
[SourceVersionDate "2024.11.18"]
[SourceQuality "2"]

1. e4 e5 2. Nf3 Nc6 3. Bb5 a6 4. Ba4 Nf6 5. O-O b5 6. Bb3 Bc5 7. c3 d6 8. d4 Bb6 9. Be3 O-O 10. Nbd2 Bg4 11. h3 Bh5 12. d5 Bxe3 13. fxe3 Ne7 14. Qe1 Bxf3 15. Rxf3 Nd7 16. Qg3 g6 17. Raf1 Kg7 18. R3f2 f6 19. h4 h5 20. Bd1 Kh7 21. Qh3 Qe8 22. g4 hxg4 23. Bxg4 f5 24. exf5 Nf6 25. Rg2 Nxg4 26. Qxg4 Rf6 27. Ne4 Rxf5 28. Rxf5 Nxf5 29. Nf6+ 1-0

[Event "Titled Tuesday 2024.11.12 Late"]
[Site "chess.com INT"]
[Date "2024.11.12"]
[Round "3"]
[White "Golubka, Petro"]
[Black "Ferreira, Vitor"]
[Result "1-0"]
[WhiteElo "2365"]
[BlackElo "2128"]
[WhiteFideId "-1"]
[BlackFideId "-1"]
[PlyCount "133"]
[GameId "2129405225710457"]
[EventDate "2024.11.12"]
[EventType "swiss (blitz)"]
[EventRounds "11"]
[EventCountry "NET"]
[SourceTitle "The Week in Chess 1567"]
[Source "Mark Crowther"]
[SourceDate "2024.11.18"]
[SourceVersion "1"]
[SourceVersionDate "2024.11.18"]
[SourceQuality "2"]

1. d4 Nf6 2. c4 g6 3. Nc3 Bg7 4. e4 O-O 5. Be2 d6 6. Nf3 e5 7. O-O Bg4 8. d5 a5 9. Be3 Na6 10. Nd2 Bd7 11. a3 b6 12. b3 Ne8 13. Rb1 Nc5 14. b4 axb4 15. axb4 Na4 16. Qc2 Nxc3 17. Qxc3 f5 18. f3 f4 19. Bf2 g5 20. c5 bxc5 21. bxc5 Nf6 22. cxd6 cxd6 23. Nc4 Rc8 24. Qa3 g4 25. Nxd6 Rc2 26. Qd3 Qc7 27. Nc4 Rxe2 28. Qxe2 gxf3 29. gxf3 Bh3 30. Kh1 Bxf1 31. Rxf1 Rc8 32. Rc1 Ne8 33. Rc2 Qb7 34. Bg1 Qb1 35. Na3 Rxc2 36. Nxc2 Nd6 37. Ne1 Bf8 38. Nd3 Nc4 39. Nxf4 Bc5 40. Qg2+ Kh8 41. Ne6 Qxg1+ 42. Qxg1 Bxg1 43. Kxg1 Kg8 44. Kf2 Kf7 45. f4 exf4 46. Kf3 Kf6 47. Kxf4 Ne5 48. h3 Ng6+ 49. Ke3 Ke5 50. Nd4 Ne7 51. Nf3+ Kf6 52. Kd4 h5 53. e5+ Kf5 54. d6 Nc6+ 55. Kd5 Nb4+ 56. Kc5 Nd3+ 57. Kc6 Nb4+ 58. Kc7 Nd5+ 59. Kc8 Ke6 60. Kd8 Nb6 61. Ke8 Nd5 62. h4 Nb6 63. Kf8 Nd5 64. Kg7 Nf4 65. Kh6 Kd7 66. Kg5 Ne6+ 67. Kxh5 1-0

[Event "Titled Tuesday 2024.11.12 Late"]
[Site "chess.com INT"]
[Date "2024.11.12"]
[Round "4"]
[White "Santos Flores, A."]
[Black "Golubka, Petro"]
[Result "1/2-1/2"]
[WhiteElo "2227"]
[BlackElo "2365"]
[WhiteFideId "-1"]
[BlackFideId "-1"]
[PlyCount "98"]
[GameId "2129405225710620"]
[EventDate "2024.11.12"]
[EventType "swiss (blitz)"]
[EventRounds "11"]
[EventCountry "NET"]
[SourceTitle "The Week in Chess 1567"]
[Source "Mark Crowther"]
[SourceDate "2024.11.18"]
[SourceVersion "1"]
[SourceVersionDate "2024.11.18"]
[SourceQuality "2"]

1. d4 d5 2. c4 dxc4 3. e3 e6 4. Bxc4 Nf6 5. Nf3 c5 6. O-O Nc6 7. Qe2 a6 8. Rd1 b5 9. Bb3 Bb7 10. a4 c4 11. Bc2 Nb4 12. axb5 axb5 13. Rxa8 Qxa8 14. Nc3 Bxf3 15. gxf3 Nxc2 16. Qxc2 Qxf3 17. Nxb5 Be7 18. Nc3 Qg4+ 19. Kh1 Qf3+ 20. Kg1 O-O 21. Qe2 Qc6 22. e4 Rd8 23. d5 Qc7 24. Bg5 h6 25. Bh4 Nxd5 26. exd5 Bxh4 27. dxe6 Rxd1+ 28. Nxd1 fxe6 29. Qxe6+ Qf7 30. Qxf7+ Kxf7 31. Ne3 c3 32. bxc3 Bf6 33. c4 Bd4 34. Kg2 Ke6 35. Kf3 Ke5 36. h4 h5 37. Ng2 Kf5 38. Nf4 g6 39. Nh3 Bf6 40. Ng5 Bxg5 41. hxg5 Kxg5 42. Kg3 Kf5 43. f4 g5 44. fxg5 Kxg5 45. c5 Kf6 46. c6 Ke6 47. Kh4 Kd6 48. Kxh5 Kc7 49. Kh4 Kxc6 1/2-1/2

[Event "Titled Tuesday 2024.11.12 Late"]
[Site "chess.com INT"]
[Date "2024.11.12"]
[Round "5"]
[White "Golubka, Petro"]
[Black "Uzcategui Rodriguez, Alejandro"]
[Result "1-0"]
[WhiteElo "2365"]
[BlackElo "2318"]
[WhiteFideId "-1"]
[BlackFideId "-1"]
[PlyCount "137"]
[GameId "2129405225727292"]
[EventDate "2024.11.12"]
[EventType "swiss (blitz)"]
[EventRounds "11"]
[EventCountry "NET"]
[SourceTitle "The Week in Chess 1567"]
[Source "Mark Crowther"]
[SourceDate "2024.11.18"]
[SourceVersion "1"]
[SourceVersionDate "2024.11.18"]
[SourceQuality "2"]

1. d4 Nf6 2. c4 d6 3. Nc3 Nbd7 4. Nf3 e5 5. e4 Be7 6. Be2 O-O 7. O-O c6 8. Re1 a6 9. Be3 b5 10. a3 Rb8 11. b4 bxc4 12. Bxc4 h6 13. Rb1 Bb7 14. dxe5 dxe5 15. Nh4 c5 16. Nf5 cxb4 17. axb4 Rc8 18. Qd3 Nb8 19. Nxe7+ Qxe7 20. Bc5 Qc7 21. Bxf8 Qxc4 22. Qxc4 Rxc4 23. Bd6 Rxc3 24. Bxb8 Nxe4 25. Bxe5 Rc2 26. f3 Ng5 27. h4 Ne6 28. Rb2 Rc4 29. h5 Ng5 30. Kf2 Rh4 31. Bg3 Rxh5 32. Re7 Bc6 33. Rc2 Bb5 34. Rc8+ Kh7 35. Bf4 Ne6 36. Be3 Rf5 37. Ra7 g5 38. Kg3 h5 39. Rb8 h4+ 40. Kh2 Kg6 41. Rg8+ Kh7 42. Rc8 Kg6 43. Rc3 Re5 44. Ra8 Kf5 45. Rh8 f6 46. Rh6 Rd5 47. Rc8 Rd3 48. Bc1 Rd1 49. Bb2 Nd4 50. Rf8 Ke5 51. Rfxf6 Kd5 52. Rd6+ Kc4 53. Rxd4+ Rxd4 54. Bxd4 Kxd4 55. f4 gxf4 56. Rxh4 Ke3 57. Kg1 Bc6 58. Rh3+ Ke4 59. Rh6 Bb5 60. Re6+ Kd4 61. Rf6 Ke3 62. Rf8 Bc6 63. Rf7 f3 64. g4 Be4 65. g5 Bg6 66. Rf6 Bh5 67. Kf1 Bg4 68. Ke1 Bh5 69. Rf5 1-0

[Event "Titled Tuesday 2024.11.12 Late"]
[Site "chess.com INT"]
[Date "2024.11.12"]
[Round "6"]
[White "Naroditsky, Daniel"]
[Black "Golubka, Petro"]
[Result "1-0"]
[WhiteElo "2619"]
[BlackElo "2365"]
[WhiteFideId "-1"]
[BlackFideId "-1"]
[PlyCount "87"]
[GameId "2129405225727353"]
[EventDate "2024.11.12"]
[EventType "swiss (blitz)"]
[EventRounds "11"]
[EventCountry "NET"]
[SourceTitle "The Week in Chess 1567"]
[Source "Mark Crowther"]
[SourceDate "2024.11.18"]
[SourceVersion "1"]
[SourceVersionDate "2024.11.18"]
[SourceQuality "2"]

1. e4 e5 2. Nf3 Nc6 3. Bb5 a6 4. Ba4 Nf6 5. O-O b5 6. Bb3 Bc5 7. a4 Rb8 8. d3 h6 9. Nc3 O-O 10. Be3 d6 11. axb5 axb5 12. h3 Re8 13. Ne2 Be6 14. Bxe6 Rxe6 15. Ng3 Ne7 16. c3 Bb6 17. Bxb6 Rxb6 18. d4 Ng6 19. dxe5 Nxe5 20. Nd4 Re8 21. Qc2 b4 22. c4 b3 23. Qc3 Nfd7 24. f4 Ng6 25. Rae1 Nf6 26. Ndf5 Re6 27. c5 Rb8 28. Rd1 Qf8 29. Nxh6+ gxh6 30. f5 Re5 31. fxg6 fxg6 32. cxd6 cxd6 33. Qc7 Rd8 34. Rd3 Rd7 35. Qc4+ Kg7 36. Rdf3 Rf7 37. Qxb3 Qe7 38. Qc3 Rf8 39. b4 Nh7 40. Rxf8 Nxf8 41. b5 Nd7 42. Ne2 Nf6 43. b6 Rxe4 44. b7 1-0

[Event "Titled Tuesday 2024.11.12 Late"]
[Site "chess.com INT"]
[Date "2024.11.12"]
[Round "7"]
[White "Golubka, Petro"]
[Black "Kepeshchuk, Mykhaylo"]
[Result "1-0"]
[WhiteElo "2365"]
[BlackElo "2269"]
[WhiteFideId "-1"]
[BlackFideId "-1"]
[PlyCount "47"]
[GameId "2129405225727505"]
[EventDate "2024.11.12"]
[EventType "swiss (blitz)"]
[EventRounds "11"]
[EventCountry "NET"]
[SourceTitle "The Week in Chess 1567"]
[Source "Mark Crowther"]
[SourceDate "2024.11.18"]
[SourceVersion "1"]
[SourceVersionDate "2024.11.18"]
[SourceQuality "2"]

1. d4 Nf6 2. c4 c5 3. d5 b5 4. Qc2 b4 5. e4 d6 6. Bd3 g6 7. h3 Bg7 8. Nf3 O-O 9. O-O e6 10. Bf4 exd5 11. cxd5 Re8 12. Nbd2 a5 13. Rad1 Ra7 14. Nc4 Bf8 15. Rfe1 Ba6 16. Bh2 Bxc4 17. Bxc4 Rae7 18. e5 dxe5 19. d6 Ra7 20. Nxe5 Rxe5 21. Bxe5 Nbd7 22. f4 Nh5 23. Bxf7+ Kxf7 24. Qc4+ 1-0

[Event "Titled Tuesday 2024.11.12 Late"]
[Site "chess.com INT"]
[Date "2024.11.12"]
[Round "8"]
[White "Shearsby, Jude"]
[Black "Golubka, Petro"]
[Result "1-0"]
[WhiteElo "2192"]
[BlackElo "2365"]
[WhiteFideId "-1"]
[BlackFideId "-1"]
[PlyCount "71"]
[GameId "2129405225735897"]
[EventDate "2024.11.12"]
[EventType "swiss (blitz)"]
[EventRounds "11"]
[EventCountry "NET"]
[SourceTitle "The Week in Chess 1567"]
[Source "Mark Crowther"]
[SourceDate "2024.11.18"]
[SourceVersion "1"]
[SourceVersionDate "2024.11.18"]
[SourceQuality "2"]

1. e4 e6 2. d4 d5 3. Nd2 c5 4. Ngf3 Nc6 5. dxc5 Bxc5 6. Bd3 Nge7 7. O-O a5 8. Nb3 Bb6 9. exd5 exd5 10. Bf4 O-O 11. Re1 a4 12. Nbd2 Bf5 13. Nf1 Bg6 14. Ng3 Qd7 15. Bg5 f6 16. Be3 Ba5 17. Bd2 Bb6 18. Be3 Ba5 19. Bd2 Bxd3 20. cxd3 Bb6 21. Be3 Ba5 22. Bd2 Bc7 23. Rc1 Rfe8 24. Nh4 Be5 25. Bc3 Bf4 26. Bd2 Bd6 27. Bc3 b5 28. Qh5 b4 29. Bd2 Ne5 30. Ngf5 N7g6 31. Re3 d4 32. Rh3 Nf8 33. f4 Neg6 34. Nxg6 hxg6 35. Qh8+ Kf7 36. Qxg7+ 1-0

[Event "Titled Tuesday 2024.11.12 Late"]
[Site "chess.com INT"]
[Date "2024.11.12"]
[Round "9"]
[White "Golubka, Petro"]
[Black "Radhakrishnan, Sharath"]
[Result "1/2-1/2"]
[WhiteElo "2365"]
[BlackElo "2019"]
[WhiteFideId "-1"]
[BlackFideId "-1"]
[PlyCount "115"]
[GameId "2129405225744229"]
[EventDate "2024.11.12"]
[EventType "swiss (blitz)"]
[EventRounds "11"]
[EventCountry "NET"]
[SourceTitle "The Week in Chess 1567"]
[Source "Mark Crowther"]
[SourceDate "2024.11.18"]
[SourceVersion "1"]
[SourceVersionDate "2024.11.18"]
[SourceQuality "2"]

1. d4 Nf6 2. c4 e6 3. Nc3 Bb4 4. f3 c5 5. d5 b5 6. e4 d6 7. Bd3 O-O 8. Nge2 exd5 9. cxd5 c4 10. Bc2 Bc5 11. Nxb5 Nbd7 12. Nbd4 Ne5 13. O-O Ba6 14. Kh1 Nd3 15. Rb1 Qb6 16. Nc6 Nf2+ 17. Rxf2 Bxf2 18. Nc3 Rfe8 19. Bf4 Bc5 20. Na4 Qb5 21. a3 Bb7 22. Nd4 Bxd4 23. Qxd4 Rad8 24. Qxa7 Bxd5 25. exd5 Nxd5 26. Nc3 Nxc3 27. bxc3 Qxb1+ 28. Bxb1 Re1+ 29. Qg1 Rxg1+ 30. Kxg1 Rb8 31. Ba2 Rd8 32. Bxc4 Rc8 33. Bf1 Rxc3 34. Bxd6 Rc1 35. a4 Ra1 36. h3 Rxa4 37. Bg3 Ra8 38. h4 g6 39. Kf2 h5 40. Be2 Kg7 41. Be5+ f6 42. Bd4 Ra4 43. Ke3 Ra3+ 44. Bd3 Ra4 45. g4 hxg4 46. fxg4 Kf7 47. Be4 f5 48. gxf5 gxf5 49. Bxf5 Rxd4 50. Kxd4 Kg7 51. Ke5 Kh8 52. Kf6 Kg8 53. Kg6 Kh8 54. Kh6 Kg8 55. h5 Kh8 56. Kg6 Kg8 57. h6 Kh8 58. h7 1/2-1/2